00506nam a22001817a 4500003000400000005001700004008004100021020001500062050002300077082002200100245006700122260007500189300001100264521002100275526001600296541000600312562000600318OSt20140310182825.0130528t xxu||||| |||| 00| 0 eng d a0214157695 aBP 189 b.K45 1973 2M 297.4bK65 1973 aThe Sufi Message of Hazrat Inayat Khan c Khan , Hazrat Inayat aLondonbInternational Headquarters of the Sufi Movement, Genevacc1973 a262 p. acollege students c1210L-1700L j1 e1